<?xml version="1.0" encoding="UTF-8"?>
<collection xmlns="http://www.loc.gov/MARC21/slim">
    <record>
        <controlfield tag="001">61528</controlfield>
        <controlfield tag="005">20201105083206.0</controlfield>
        <datafield tag="024" ind1="8" ind2=" ">
            <subfield code="2">sideral</subfield>
            <subfield code="a">98899</subfield>
        </datafield>
        <datafield tag="037" ind1=" " ind2=" ">
            <subfield code="a">ART-2016-98899</subfield>
        </datafield>
        <datafield tag="041" ind1=" " ind2=" ">
            <subfield code="a">spa</subfield>
        </datafield>
        <datafield tag="100" ind1=" " ind2=" ">
            <subfield code="0">(orcid)0000-0003-4370-6911</subfield>
            <subfield code="a">Alvarez Medina, Javier</subfield>
            <subfield code="u">Universidad de Zaragoza</subfield>
        </datafield>
        <datafield tag="245" ind1=" " ind2=" ">
            <subfield code="a">Comparación entre las cargas planificadas y ejecutadas en el entrenamiento de fútbol sala: la doble escala</subfield>
        </datafield>
        <datafield tag="260" ind1=" " ind2=" ">
            <subfield code="c">2016</subfield>
        </datafield>
        <datafield tag="506" ind1="0" ind2=" ">
            <subfield code="a">Access copy available to the general public</subfield>
            <subfield code="f">Unrestricted</subfield>
        </datafield>
        <datafield tag="520" ind1="3" ind2=" ">
            <subfield code="a">El objeto de este estudio es la relación de la percepción de la intensidad del entrenamiento de los jugadores con la carga planificada por el cuerpo técnico (doble escala). Participaron 12 jugadores profesionales de fútbol sala español durante toda una temporada de 40 semanas. Para la recogida de datos se utilizó la Escala de Percepción Subjetiva del Esfuerzo creada por Borg. Los valores medios presentaron una diferencia entre la intensidad percibida (14.75±0.47) y la carga planificada (14.40±0.58) de 0.35 puntos, un valor no significativo considerando el rango de 15 puntos de la escala.

Los resultados obtenidos mostraron una correlación significativa de r=0.74 entre ambas percepciones. Las correlaciones encontradas en los microciclos de mantenimiento de r=0.87 y en los descendentes de r=0.85 fueron significativas, lo que indica que la intensidad percibida por los jugadores era la que previamente habían planteado los entrenadores. Se ha encontrado una correlación significativa en el método aeróbico (r=0.91), anaeróbico (r=0.83), aláctico (r=0.82), mixto (r=0.80) y específico (r=0.63). Los resultados muestran que la doble escala permite comprobar y establecer la desviación entre la percepción del jugador y del cuerpo técnico y establecer cómo va asimilando las cargas el jugador posibilitando reajustar la misma según la información recibida.</subfield>
        </datafield>
        <datafield tag="540" ind1=" " ind2=" ">
            <subfield code="9">info:eu-repo/semantics/openAccess</subfield>
            <subfield code="a">by-nc</subfield>
            <subfield code="u">http://creativecommons.org/licenses/by-nc/3.0/es/</subfield>
        </datafield>
        <datafield tag="592" ind1=" " ind2=" ">
            <subfield code="a">0.0</subfield>
            <subfield code="b">2016</subfield>
        </datafield>
        <datafield tag="593" ind1=" " ind2=" ">
            <subfield code="a">Education</subfield>
            <subfield code="c">2016</subfield>
        </datafield>
        <datafield tag="593" ind1=" " ind2=" ">
            <subfield code="a">Physical Therapy, Sports Therapy and Rehabilitation</subfield>
            <subfield code="c">2016</subfield>
        </datafield>
        <datafield tag="593" ind1=" " ind2=" ">
            <subfield code="a">Orthopedics and Sports Medicine</subfield>
            <subfield code="c">2016</subfield>
        </datafield>
        <datafield tag="655" ind1=" " ind2="4">
            <subfield code="a">info:eu-repo/semantics/article</subfield>
            <subfield code="v">info:eu-repo/semantics/publishedVersion</subfield>
        </datafield>
        <datafield tag="700" ind1=" " ind2=" ">
            <subfield code="0">(orcid)0000-0001-5941-0731</subfield>
            <subfield code="a">Murillo Lorente, Víctor</subfield>
            <subfield code="u">Universidad de Zaragoza</subfield>
        </datafield>
        <datafield tag="710" ind1="2" ind2=" ">
            <subfield code="1">1006</subfield>
            <subfield code="2">245</subfield>
            <subfield code="a">Universidad de Zaragoza</subfield>
            <subfield code="b">Dpto. Fisiatría y Enfermería</subfield>
            <subfield code="c">Área Educación Física y Depor.</subfield>
        </datafield>
        <datafield tag="773" ind1=" " ind2=" ">
            <subfield code="g">29 (2016), 48-52</subfield>
            <subfield code="p">Retos (Madr.)</subfield>
            <subfield code="t">Retos</subfield>
            <subfield code="x">1579-1726</subfield>
        </datafield>
        <datafield tag="856" ind1="4" ind2="1">
            <subfield code="u">https://recyt.fecyt.es/index.php/retos/article/view/35126</subfield>
            <subfield code="z">Texto completo de la revista</subfield>
        </datafield>
        <datafield tag="856" ind1="4" ind2=" ">
            <subfield code="s">61447</subfield>
            <subfield code="u">http://zaguan.unizar.es/record/61528/files/texto_completo.pdf</subfield>
            <subfield code="y">Versión publicada</subfield>
        </datafield>
        <datafield tag="856" ind1="4" ind2=" ">
            <subfield code="s">124784</subfield>
            <subfield code="u">http://zaguan.unizar.es/record/61528/files/texto_completo.jpg?subformat=icon</subfield>
            <subfield code="x">icon</subfield>
            <subfield code="y">Versión publicada</subfield>
        </datafield>
        <datafield tag="909" ind1="C" ind2="O">
            <subfield code="o">oai:zaguan.unizar.es:61528</subfield>
            <subfield code="p">articulos</subfield>
            <subfield code="p">driver</subfield>
        </datafield>
        <datafield tag="951" ind1=" " ind2=" ">
            <subfield code="a">2020-11-05-08:18:39</subfield>
        </datafield>
        <datafield tag="980" ind1=" " ind2=" ">
            <subfield code="a">ARTICLE</subfield>
        </datafield>
    </record>

    
</collection>